Medicina i il·lustració a Catalunya : la formació de l'Acadèmia Mèdico-Pràctica de Barcelona / a cura de Alfons Zarzoso la formació de l'Acadèmia Mèdico-Pràctica de Barcelona / a cura de Alfons Zarzoso
ISBN:
84-9779-192-4
Descripción Física:
462 p. : il. ; 24 cm
Colección:
Estudis ; 30
Otros Autores:
Fundació Noguera
MARC
| LEADER | 00000nam a2200000Ia 4500 | ||
|---|---|---|---|
| 001 | 16564 | ||
| 008 | 160829s2004 xx 000 0 cat d | ||
| 020 | |a 84-9779-192-4 | ||
| 080 | |a H-2-282 | ||
| 100 | |a Zarzoso, Alfons |9 23597 | ||
| 245 | |a Medicina i il·lustració a Catalunya : |b la formació de l'Acadèmia Mèdico-Pràctica de Barcelona / a cura de Alfons Zarzoso | ||
| 260 | |a Barcelona : |b Fundació Noguera ; Lleida : |b Pagès, |c 2004 | ||
| 300 | |a 462 p. : |b il. ; |c 24 cm | ||
| 490 | |a Estudis ; 30 | ||
| 590 | |a Índex | ||
| 650 | |a Medicina |x Catalunya |x Història |9 37282 | ||
| 650 | |a Medicina |x Catalunya |x S. XVIII |9 37283 | ||
| 700 | |a Fundació Noguera |9 70407 | ||
| 901 | |a Arxiu | ||
| 942 | |n 1 | ||
| 952 | |0 0 |1 0 |4 0 |6 H2282 |7 1 |9 47786 |a Arxiu |b Arxiu |d 2016-12-01 |l 0 |o H-2-282 |p 16564 |r 2016-12-01 00:00:00 |w 2016-12-01 |y ARXIU | ||
| 999 | |c 51585 |d 51585 | ||